Periodic Table Elements #1 - Statistics

General Stats
  • This quiz has been taken 12 times
  • The average score is 10 of 15
Answer Stats
Number Element % Correct
2 Helium
100%
1 Hydrogen
100%
6 Carbon
89%
18 Argon
78%
19 Potassium
78%
11 Sodium
78%
20 Calcium
67%
28 Nickel
67%
118 Oganesson
67%
30 Zinc
67%
74 Tungsten
56%
94 Plutonium
44%
92 Uranium
44%
98 Californium
33%
73 Tantalum
33%
No matching quizzes found
Score Distribution
Percent of People with Each Score
Percentile by Number Answered
Your Score History
You have not taken this quiz